Building children's worlds : (Record no. 7373)

MARC details
000 -LEADER
fixed length control field 04663cam a2200457 i 4500
001 - CONTROL NUMBER
control field 22785813
003 - CONTROL NUMBER IDENTIFIER
control field OSt
005 - DATE AND TIME OF LATEST TRANSACTION
control field 20241210055556.0
008 - FIXED-LENGTH DATA ELEMENTS--GENERAL INFORMATION
fixed length control field 220912t20232023enkab b 001 0 eng
010 ## - LIBRARY OF CONGRESS CONTROL NUMBER
LC control number 2022042201
020 ## - INTERNATIONAL STANDARD BOOK NUMBER
International Standard Book Number 9780367675479
Qualifying information (hardback)
020 ## - INTERNATIONAL STANDARD BOOK NUMBER
International Standard Book Number 9780367675486
Qualifying information (paperback)
020 ## - INTERNATIONAL STANDARD BOOK NUMBER
Canceled/invalid ISBN 9781003131755
Qualifying information (ebook)
040 ## - CATALOGING SOURCE
Original cataloging agency DLC
Language of cataloging eng
Description conventions rda
Transcribing agency DLC
Modifying agency DLC
042 ## - AUTHENTICATION CODE
Authentication code pcc
050 00 - LIBRARY OF CONGRESS CALL NUMBER
Classification number PN1009.5.A73
Item number B85 2023
082 00 - DEWEY DECIMAL CLASSIFICATION NUMBER
Classification number 808.80357 B85 2023
Edition number 23/eng/20230222
245 00 - TITLE STATEMENT
Title Building children's worlds :
Remainder of title the representation of architecture and modernity in picturebooks /
Statement of responsibility, etc. edited by Torsten Schmiedeknecht, Jill Rudd and Emma Hayward.
264 #1 - PRODUCTION, PUBLICATION, DISTRIBUTION, MANUFACTURE, AND COPYRIGHT NOTICE
Place of production, publication, distribution, manufacture London ;
-- New York :
Name of producer, publisher, distributor, manufacturer Routledge, Taylor & Francis Group,
Date of production, publication, distribution, manufacture, or copyright notice 2023.
264 #4 - PRODUCTION, PUBLICATION, DISTRIBUTION, MANUFACTURE, AND COPYRIGHT NOTICE
Date of production, publication, distribution, manufacture, or copyright notice ©2023
300 ## - PHYSICAL DESCRIPTION
Extent xii, 242 pages :
Other physical details illustrations, maps ;
Dimensions 25 cm
336 ## - CONTENT TYPE
Content type term text
Content type code txt
Source rdacontent
337 ## - MEDIA TYPE
Media type term unmediated
Media type code n
Source rdamedia
338 ## - CARRIER TYPE
Carrier type term volume
Carrier type code nc
Source rdacarrier
504 ## - BIBLIOGRAPHY, ETC. NOTE
Bibliography, etc. note Includes bibliographical references and index.
505 0# - FORMATTED CONTENTS NOTE
Formatted contents note Part One. Modernity -- Building for the future - Children as future citizens in Swedish Picturebooks of the 1930s / Elina Druker -- A Modern Utopia: Architecture, Modernity and Ladybird Books in postwar Britain / Torsten Schmiedeknecht and Jill Rudd -- Reading as Building: Modernist Architecture and Book Space in Picturebooks / Honglan Huang -- Representations of modern architecture and urbanism in Colombian children's literature from the mid-20th century onwards / Carolina Rodriguez, Roberto Londoño, Antonio Manrique -- Part Two. Domestic Space -- Domestic Architecture and Environmental Design in Australian Picture Books / John Stephens -- The house, where everything begins / Christophe Meunier -- Architecture and Interior Design in Italian Picturebooks : A case study of Bruno Munari / Marnie Campagnaro -- Representations of architecture in children's picture books in Australia, Singapore and China / Sabine Tan, Xinchao Zhai, Lyndon Way and Kay L. O'Halloran -- Building Diversity in British and American Children's Picturebooks (2000-present) / Emma Hayward -- Part Three. Urban Space -- Highly Modern Ideal Homestead / Lucie Glasheen -- Architecture and Magic: Mapping the London of Children's Fantasy Fiction / Madison McLeod -- Ordinary cityscapes and architecture in Jörg Müller's picturebook oeuvre / Jörg Meibauer.
520 ## - SUMMARY, ETC.
Summary, etc. "Children are the future architects, clients and users of our buildings. The kinds of architectural worlds they are exposed to in picture books during their formative years may be assumed to influence how they regard such architecture as adults. Contemporary urban environments the world over represent the various stages of modernism in architecture. This book reads that history through picturebooks and considers the kinds of national identities and histories they construct. 12 specialist essays from international scholars address questions such as: Is modern architecture used to construct specific narratives of childhood? Is it taken to support 'negative' narratives of alienation, on the one hand, and 'positive' narratives of happiness, on the other? Do images of modern architecture support ideas of 'community'? reinforce 'family values'? If so, what kinds of architecture, community and family? How is modern architecture placed vis-à-vis the promotion of diversity (ethnic, religious, gender etc.)? How might the use of architecture in comic strips or the presence of specific kinds of building in fiction aimed at younger adults be related to the groundwork laid in picturebooks for younger readers? This book reveals what stories are told about modern architecture and shows how those stories affect future attitudes towards and expectations of the built environment"--
Assigning source Provided by publisher.
650 #0 - SUBJECT ADDED ENTRY--TOPICAL TERM
Topical term or geographic name entry element Architecture in literature.
650 #0 - SUBJECT ADDED ENTRY--TOPICAL TERM
Topical term or geographic name entry element Children's literature
Chronological subdivision 20th century
General subdivision History and criticism.
650 #0 - SUBJECT ADDED ENTRY--TOPICAL TERM
Topical term or geographic name entry element Children's literature
Chronological subdivision 21st century
General subdivision History and criticism.
650 #0 - SUBJECT ADDED ENTRY--TOPICAL TERM
Topical term or geographic name entry element Picture books for children
General subdivision History.
650 #0 - SUBJECT ADDED ENTRY--TOPICAL TERM
Topical term or geographic name entry element Picture books for children
General subdivision Psychological aspects.
650 #0 - SUBJECT ADDED ENTRY--TOPICAL TERM
Topical term or geographic name entry element Children
General subdivision Books and reading
-- Sociological aspects.
700 1# - ADDED ENTRY--PERSONAL NAME
Personal name Schmiedeknecht, Torsten,
Relator term editor.
700 1# - ADDED ENTRY--PERSONAL NAME
Personal name Rudd, Jill,
Relator term editor.
700 1# - ADDED ENTRY--PERSONAL NAME
Personal name Hayward, Emma,
Relator term editor.
776 08 - ADDITIONAL PHYSICAL FORM ENTRY
Relationship information Online version:
Title Building children's worlds
Place, publisher, and date of publication Milton Park, Abingdon : Routledge, 2023
International Standard Book Number 9781003131755
Record control number (DLC) 2022042202
906 ## - LOCAL DATA ELEMENT F, LDF (RLIN)
a 7
b cbc
c orignew
d 1
e ecip
f 20
g y-gencatlg
942 ## - ADDED ENTRY ELEMENTS (KOHA)
Source of classification or shelving scheme Dewey Decimal Classification
Koha item type English Book
Suppress in OPAC No
Holdings
Withdrawn status Lost status Source of classification or shelving scheme Damaged status Not for loan Home library Current library Date acquired Total Checkouts Full call number Barcode Date last seen Price effective from Koha item type
    Dewey Decimal Classification     CENTRAL TUWAIQ 12/10/2024   808.80357 B85 2023 1000000025278 12/10/2024 12/10/2024 English Book